01652nam a2200277 a 4500001001000000003000400010005001700014008004100031040002500072049001500097082001600112100005100128245008000179260006400259300001700323490006200340500008100402830006900483942001300552952019800565952012000763952012000883952018101003952017301184999001701357000021678OSt20240305073654.0100910s1955 dr 000 0 spa d aDO-SdBNPbspacBNPHU aEn proceso axxxxbR696r1 aRodríguez Demorizi, Emilio,d1908-19869103910aRelaciones dominico españolas (1844-1859) /cEmilio Rodríguez Demorizi. aCiudad Trujillo, República Dominicana :bMontalvo,c1955. av. ;c25 cm.1 aPublicaciones de la Academia Dominicana de la Historiav3 aIncluye notas al pie de páginas e índice de personas, lugares y materias 0aPublicaciones de la Academia Dominicana de la Historian3945107 2ddccLF1 001054708RVaGRbGRcHDd2011-05-31iLF1l0ov. 3, e. 3p21678-30r2020-06-25w2020-06-25y4zPerteneció a la biblioteca personal de Chiqui Vicioso / Fidelio Despradel.ZPréstamo en sala 001052708RVaGRbGRcHDd2013-07-17iLF1l0ov. 3, e. 4p21678-40r2020-06-25w2020-06-25y2ZPréstamo interno 001052708RVaGRbGRcHDd2015-08-25iLF1l0ov. 3, e. 5p21678-50r2020-06-25w2020-06-25y2ZPréstamo interno 001050718RVaPDbPDcHDd2010-09-10iLF1l0ov. 3p21678-10r2020-06-25w2020-06-25y1zPerteneció a la biblioteca personal de Juan Isidro Jimenes Grullón.ZNo se presta 001050718RVaPDbPDcHDd2011-04-05iLF1l0ov. 3, e. 2p21678-20r2020-06-25w2020-06-25y1zPerteneció a la biblioteca personal de Martínez Boog.ZNo se presta c21177d21177